000 01492nam2a22003131 4500
001 rc\3318911
005 20250609211838.0
021 _aRU
_b[74-47641]
035 _a(NLR Aleph) 007507861
090 _a7686355
_c7686355
100 _a20130115d1974 |||y0rusy50 ca
101 0 _arus
102 _aRU
105 _aa z |||||
200 1 _aТехника и производство
_fНауч. ред. Зубков Б.В., Хачатуров Т.С.
210 _d1974
_aБ. м.
215 _a527 с.
_cил.
_d26
320 _aЧто читать по технике / сост. В.И. Каплан: с. 504-512
320 _aСловарь-указ.: с. 513-526
461 0 _1001rc\3318906
_12001#$aДетская энциклопедия$e[В 12 т.]$eДля сред. и ст. возраста$fГл. ред. Маркушевич А.И.$gАкад. пед. наук СССР$v[Т.] 5
_97686342
_cМосква
_d1971-
_e3-е изд. [Т.] 1-
_fГл. ред. Маркушевич А.И.
_nПедагогика
_o[В 12 т.] : Для сред. и ст. возраста
_tДетская энциклопедия
_v[Т.] 5
606 _aТехника (т. 5) (д. л.)
_2psbo
702 1 _aЗубков
_bБ.В.
_4340
702 1 _4340
_7ca
_8rus
_aХачатуров
_bТ. С.
_f1906-1989
_gТигран Сергеевич
_92642575
_3RU\NLR\AUTH\770273440
801 0 _aRU
_bNLR
_gpsbo
801 1 _aRU
_bELAR
_2rusmarc
852 _aNLR
_j541-100/Д38
942 _cBOOK
980 _aNB